The Indian Textile Journal (Record no. 10323)
[ view plain ]
| 000 -LEADER | |
|---|---|
| fixed length control field | 00400nam a22001217a 4500 |
| 003 - CONTROL NUMBER IDENTIFIER | |
| control field | OSt |
| 008 - FIXED-LENGTH DATA ELEMENTS--GENERAL INFORMATION | |
| fixed length control field | 201203b ||||| |||| 00| 0 eng d |
| 245 ## - TITLE STATEMENT | |
| Title | The Indian Textile Journal |
| 250 ## - EDITION STATEMENT | |
| Edition statement | 2012(Jan Vol.122 No.4, Feb Vol.122 No.5, Mar Vol.122 No.6, Apr Vol.122 No.7, Jun Vol.122 No.9, Jul Vol.122 No.10) |
| 260 ## - PUBLICATION, DISTRIBUTION, ETC. (IMPRINT) | |
| Place of publication, distribution, etc | Chennai |
| Name of publisher, distributor, etc | IPF Publications |
| 650 ## - SUBJECT ADDED ENTRY--TOPICAL TERM | |
| Topical term or geographic name as entry element | Textile Engineering |
| 942 ## - ADDED ENTRY ELEMENTS (KOHA) | |
| Source of classification or shelving scheme | Dewey Decimal Classification |
| Koha item type | BOUND VOLUME |
| Withdrawn status | Lost status | Source of classification or shelving scheme | Materials specified (bound volume or other part) | Damaged status | Not for loan | Collection code | Home library | Current library | Date acquired | Source of acquisition | Serial Enumeration / chronologySerial Enumeration / Volume No. | Total Checkouts | Acc. no. / Barcode | Date last seen | Bill Date | Koha item type |
|---|---|---|---|---|---|---|---|---|---|---|---|---|---|---|---|---|
| Dewey Decimal Classification | Bound Volume | Not For Loan | B.Tech(TE) | PIET C-LIBRARY | PIET C-LIBRARY | 11/01/2021 | IPF Publications | 2012(Jan Vol.122 No.4, Feb Vol.122 No.5, Mar Vol.122 No.6, Apr Vol.122 No.7, Jun Vol.122 No.9, Jul Vol.122 No.10) | BV991 | 11/01/2021 | 09/01/2012 | BOUND VOLUME |